Countries That Start With A [ with a map ] - Statistics

General Stats
  • This quiz has been taken 37 times
  • The average score is 9 of 11
Answers on the Map
Answers color-coded by a green-red scale on the quiz's map according to % correct below.
 
Answer Stats
Answer % Correct
Australia
93%
Austria
93%
Algeria
87%
Argentina
83%
Azerbaijan
80%
Afghanistan
77%
Albania
77%
Andorra
77%
Antigua And Barbuda
77%
Armenia
77%
Angola
73%
No matching quizzes found
Score Distribution
Percent of People with Each Score
Percentile by Number Answered
Your Score History
You have not taken this quiz